000 00754nam a2200277Ia 4500
005 20260324114933.0
008 008 260324s9999 xx 000 0 eng d
020 _a9781003097921
037 _aEBOOK
040 _aCRL
040 _beng
040 _cCRL
041 _2eng
041 _aeng
084 _qCRL
100 _aAmina Omrane; Khalil Kassmi; Md Imtiaz Mostafiz; Ashish Khanna; Muhammad Wasim Akram
_91152737
245 0 _aSustainable Entrepreneurship, Renewable Energy-Based Projects, and Digitalization
260 _bTaylor and Francis
260 _c2020
365 _a
365 _b275
856 _uhttp://www.taylorfrancis.com/books/9781003097921
942 _cEBOOK
999 _c1743230
_d1743230